| 000 | 00591cam a22002175a 4500 | ||
|---|---|---|---|
| 001 | L159734 | ||
| 008 | 150226s2017 xxk f 000 0 eng d | ||
| 035 | _a(Sirsi) u159734 | ||
| 041 | 0 | _aeng | |
| 100 | 1 |
_aHooper, Brendon _96168 |
|
| 245 | 0 | 0 | _aModern movement |
| 260 | _c2017 | ||
| 490 |
_aModus _vOctober 2017, 30-31 (2) |
||
| 520 | _aTechnology and demographics are coming together in India to bring forth a retailing revolution. | ||
| 590 | _aKA | ||
| 650 | 2 | 4 | _aRETAIL MARKETS |
| 650 | 2 | 4 | _aMULTICHANNEL |
| 651 | 4 | _aIndia | |
| 690 |
_aCommercial property _96227 |
||
| 942 | _n0 | ||
| 999 |
_c84945 _d84945 |
||